Open Journal of Medical Research (Record no. 37381)

MARC details
000 -LEADER
fixed length control field 00366nam a2200145Ia 4500
022 ## - INTERNATIONAL STANDARD SERIAL NUMBER
ISSN 2734-2093
050 ## - CALL MARK
Classification number R850. O64
245 ## - TITLE STATEMENT
Title Open Journal of Medical Research
250 ## - EDITION / VOLUME STATEMENT
Edition / Volume statement Vol. 6 No. 1
260 ## - PUBLICATION, DISTRIBUTION, ETC. (IMPRINT)
Place of publication Nigeria
Name of publisher Open Journal Nigeria
Year of publication 2025
300 ## - PHYSICAL DESCRIPTION
Number of Pages iii. 55 p. ; ill. 25 cm.
650 ## - SUBJECT ADDED ENTRY--TOPICAL TERM
Topical Term Medicine--Research
942 ## - ADDED ENTRY ELEMENTS (KOHA)
Koha item type Serials
Source of classification Library of Congress Classification

No items available.